[Event "The Irish Championship 2020"]
[Site "Colaiste Eanna, Dublin, Ireland"]
[Date "2020.08.02"]
[Round "2"]
[Board "11"]
[White "Brady, Stephen"]
[Black "Cafolla, Peter"]
[Result "1/2-1/2"]
[WhiteElo "2290"]
[BlackElo "1955"]
[PlyCount "0"]
[EventDate "2020.08.01"]
[EventRounds "9"]
[EventCountry "IRL"]

1. e4 {[%clk 02:15:42]} {[%emt 00:08:17]} c5 {[%clk 02:16:04]} 2. c3 {[%clk
02:16:11]} Nf6 {[%clk 02:16:29]} 3. e5 {[%clk 02:16:40]} Nd5 {[%clk 02:16:59]}
4. d4 {[%clk 02:17:09]} cxd4 {[%clk 02:17:22]} 5. Nf3 {[%clk 02:17:38]} Nc6
{[%clk 02:17:26]} 6. Bc4 {[%clk 02:18:03]} Nb6 {[%clk 02:17:17]} 7. Bb3 {[%clk
02:18:29]} d5 {[%clk 02:17:12]} 8. exd6 {[%clk 02:18:52]} Qxd6 {[%clk
02:17:27]} 9. O-O {[%clk 02:19:16]} g6 {[%clk 02:16:21]} 10. Ng5 {[%clk
02:14:59]} e6 {[%clk 02:15:57]} 11. Qf3 {[%clk 02:15:05]} Qe7 {[%clk 02:15:45]}
12. Ne4 {[%clk 02:14:10]} f5 {[%clk 02:08:58]} 13. Ng5 {[%clk 02:10:56]} h6
{[%clk 02:09:25]} 14. Nxe6 {[%clk 02:06:09]} Bxe6 {[%clk 02:07:38]} 15. Re1
{[%clk 02:06:35]} Nd8 {[%clk 02:05:35]} 16. cxd4 {[%clk 02:06:14]} Bg7 {[%clk
02:02:42]} 17. Bxe6 {[%clk 01:55:00]} {[%emt 00:03:27]} Nxe6 {[%clk 02:02:53]}
{[%emt 00:00:24]} 18. d5 {[%clk 01:55:25]} {[%emt 00:00:10]} O-O {[%clk
01:57:37]} {[%emt 00:05:52]} 19. dxe6 {[%clk 01:51:15]} {[%emt 00:04:45]} Rac8
{[%clk 01:50:39]} {[%emt 00:07:32]} 20. Qb3 {[%clk 01:43:50]} {[%emt 00:08:01]}
Rfe8 {[%clk 01:48:22]} {[%emt 00:02:52]} 21. Nc3 {[%clk 01:39:03]} {[%emt
00:05:22]} Kh7 {[%clk 01:46:02]} {[%emt 00:02:54]} 22. Nb5 {[%clk 01:20:25]}
{[%emt 00:19:13]} Rc6 {[%clk 01:44:03]} {[%emt 00:02:34]} 23. Nxa7 {[%clk
01:17:20]} {[%emt 00:03:39]} Rxe6 {[%clk 01:36:56]} {[%emt 00:07:42]} 24. Rxe6
{[%clk 01:16:18]} {[%emt 00:01:37]} Qxe6 {[%clk 01:37:21]} {[%emt 00:00:11]} 25.
Qxe6 {[%clk 01:13:51]} {[%emt 00:03:00]} Rxe6 {[%clk 01:37:49]} {[%emt
00:00:06]} 26. Kf1 {[%clk 01:14:16]} {[%emt 00:00:10]} Nc4 {[%clk 01:35:23]}
{[%emt 00:03:02]} 27. Nb5 {[%clk 01:13:59]} {[%emt 00:00:51]} Bxb2 {[%clk
01:29:19]} {[%emt 00:06:39]} 28. Bxb2 {[%clk 01:13:03]} {[%emt 00:01:31]} Nxb2
{[%clk 01:29:45]} {[%emt 00:00:10]} 29. Re1 {[%clk 01:07:19]} {[%emt 00:06:11]}
Rxe1+ {[%clk 01:27:24]} {[%emt 00:03:03]} 30. Kxe1 {[%clk 01:07:49]} {[%emt
00:00:05]} Nd3+ {[%clk 01:25:59]} {[%emt 00:02:01]} 31. Kd2 {[%clk 01:08:14]}
{[%emt 00:00:10]} Nxf2 {[%clk 01:24:36]} {[%emt 00:01:59]} 32. Nd6 {[%clk
01:08:35]} {[%emt 00:00:14]} b6 {[%clk 01:18:34]} {[%emt 00:06:37]} 33. a4
{[%clk 01:07:51]} {[%emt 00:01:18]} Kg7 {[%clk 01:18:27]} {[%emt 00:00:42]} 34.
Nc4 {[%clk 01:08:04]} {[%emt 00:00:21]} Ne4+ {[%clk 01:18:29]} {[%emt
00:00:34]} 35. Ke3 {[%clk 01:08:05]} {[%emt 00:00:34]} Kf6 {[%clk 01:16:54]}
{[%emt 00:02:10]} 36. Nxb6 {[%clk 01:08:32]} {[%emt 00:00:08]} Ke5 {[%clk
01:17:07]} {[%emt 00:00:22]} 37. a5 {[%clk 01:01:23]} {[%emt 00:07:45]} Nc5
{[%clk 01:15:26]} {[%emt 00:02:15]} 38. Nc8 {[%clk 00:53:44]} {[%emt 00:08:13]}
g5 {[%clk 01:11:19]} {[%emt 00:04:42]} 39. Ne7 {[%clk 00:47:58]} {[%emt
00:06:21]} Na6 {[%clk 01:03:43]} {[%emt 00:08:12]} 40. h4 {[%clk 00:35:07]}
{[%emt 00:13:26]} Kf6 {[%clk 01:01:25]} {[%emt 00:02:53]} 41. Nc6 {[%clk
00:30:39]} {[%emt 00:05:02]} Kg6 {[%clk 00:49:42]} {[%emt 00:12:18]} 42. Nd4
{[%clk 00:18:58]} {[%emt 00:12:16]} Kf6 {[%clk 00:39:40]} {[%emt 00:10:37]} 43.
h5 {[%clk 00:19:03]} {[%emt 00:00:30]} Nc5 {[%clk 00:39:23]} {[%emt 00:00:52]}
44. Nc6 {[%clk 00:19:13]} {[%emt 00:00:25]} Na6 {[%clk 00:38:26]} {[%emt
00:01:31]} 45. Kd4 {[%clk 00:15:03]} {[%emt 00:04:45]} Ke6 {[%clk 00:35:30]}
{[%emt 00:03:32]} 46. Nd8+ {[%clk 00:14:09]} {[%emt 00:01:30]} Kf6 {[%clk
00:27:24]} {[%emt 00:08:40]} 47. Ke3 {[%clk 00:07:16]} {[%emt 00:07:29]} Ke7
{[%clk 00:25:31]} {[%emt 00:02:26]} 48. Nc6+ {[%clk 00:07:27]} {[%emt
00:00:25]} Kf6 {[%clk 00:25:52]} {[%emt 00:00:13]} 49. Nd4 {[%clk 00:05:07]}
{[%emt 00:02:56]} Nc5 {[%clk 00:24:16]} {[%emt 00:02:10]} 50. Nc6 {[%clk
00:02:20]} {[%emt 00:03:23]} Na6 {[%clk 00:24:40]} {[%emt 00:00:11]} 51. Kf3
{[%clk 00:01:55]} {[%emt 00:00:59]} Ke6 {[%clk 00:24:38]} {[%emt 00:00:37]} 52.
Ke2 {[%clk 00:02:05]} {[%emt 00:00:26]} Kd6 {[%clk 00:23:02]} {[%emt 00:02:10]}
53. Nd8 {[%clk 00:01:44]} {[%emt 00:00:56]} Ke7 {[%clk 00:23:22]} {[%emt
00:00:15]} 54. Nc6+ {[%clk 00:02:18]} {[%emt 00:00:03]} Kd6 {[%clk 00:22:13]}
{[%emt 00:01:43]} 55. Nd4 {[%clk 00:00:52]} {[%emt 00:02:02]} Ke5 {[%clk
00:22:36]} {[%emt 00:00:12]} 56. Kd3 {[%clk 00:01:25]} Nb8 {[%clk 00:16:58]}
{[%emt 00:06:12]} 57. g3 {[%clk 00:01:28]} {[%emt 00:00:34]} Na6 {[%clk
00:14:27]} {[%emt 00:03:07]} 58. Nf3+ {[%clk 00:01:55]} {[%emt 00:00:07]} Kf6
{[%clk 00:14:01]} {[%emt 00:01:01]} 59. Nd4 {[%clk 00:01:41]} {[%emt 00:00:49]}
Ke5 {[%clk 00:14:02]} {[%emt 00:00:35]} 60. Nf3+ {[%clk 00:02:14]} {[%emt
00:00:02]} Kf6 {[%clk 00:14:29]} {[%emt 00:00:07]} 61. Ke3 {[%clk 00:01:25]}
{[%emt 00:01:25]} Nb4 {[%clk 00:14:04]} {[%emt 00:01:00]} 62. Ne1 {[%clk
00:01:20]} {[%emt 00:00:40]} Ke6 {[%clk 00:13:24]} {[%emt 00:01:14]} 63. Nf3
{[%clk 00:01:30]} {[%emt 00:00:26]} Kf6 {[%clk 00:13:33]} {[%emt 00:00:26]} 64.
Nd4 {[%clk 00:01:29]} {[%emt 00:00:36]} Ke5 {[%clk 00:12:40]} {[%emt 00:01:27]}
65. Nf3+ {[%clk 00:01:02]} {[%emt 00:01:02]} Kf6 {[%clk 00:13:04]} {[%emt
00:00:12]} 66. Nd4 {[%emt 00:00:19]}  1/2-1/2

[Event "The Irish Championship 2020"]
[Site "Colaiste Eanna, Dublin, Ireland"]
[Date "2020.08.02"]
[Round "2"]
[Board "12"]
[White "Venkatesan, Kavin"]
[Black "Flynn, Jacob"]
[Result "1/2-1/2"]
[WhiteElo "1946"]
[BlackElo "2114"]
[PlyCount "0"]
[EventDate "2020.08.01"]
[EventRounds "9"]
[EventCountry "IRL"]

1. d4 {[%clk 02:16:06]} {[%emt 00:03:09]} Nf6 {[%clk 02:15:57]} 2. c4 {[%clk
02:16:34]} e6 {[%clk 02:16:07]} 3. Nc3 {[%clk 02:16:43]} Bb4 {[%clk 02:16:36]}
4. a3 {[%clk 02:15:47]} Bxc3+ {[%clk 02:16:22]} 5. bxc3 {[%clk 02:16:20]} c5
{[%clk 02:16:09]} 6. e3 {[%clk 02:15:21]} Nc6 {[%clk 02:14:04]} 7. Qc2 {[%clk
02:06:09]} d6 {[%clk 02:07:36]} 8. Bd3 {[%clk 02:04:21]} O-O {[%clk 02:05:05]}
9. Ne2 {[%clk 02:00:52]} b6 {[%clk 01:59:24]} 10. Ng3 {[%clk 01:56:53]} Ba6
{[%clk 01:51:10]} {[%emt 00:05:38]} 11. Bb2 {[%clk 01:53:27]} {[%emt 00:04:01]}
Na5 {[%clk 01:39:15]} {[%emt 00:12:30]} 12. Qe2 {[%clk 01:51:28]} {[%emt
00:02:34]} Rc8 {[%clk 01:30:26]} {[%emt 00:09:23]} 13. Rc1 {[%clk 01:45:08]}
{[%emt 00:06:56]} cxd4 {[%clk 01:16:43]} {[%emt 00:14:18]} 14. cxd4 {[%clk
01:45:28]} {[%emt 00:00:15]} d5 {[%clk 01:17:09]} {[%emt 00:00:09]} 15. cxd5
{[%clk 01:39:10]} {[%emt 00:06:53]} Rxc1+ {[%clk 01:17:32]} 16. Bxc1 {[%clk
01:39:43]} {[%emt 00:00:13]} Bxd3 {[%clk 01:17:57]} 17. Qxd3 {[%clk 01:39:51]}
{[%emt 00:00:38]} exd5 {[%clk 01:17:13]} {[%emt 00:01:17]} 18. O-O {[%clk
01:39:45]} {[%emt 00:00:42]} Qd7 {[%clk 01:09:34]} {[%emt 00:08:14]} 19. f3
{[%clk 01:35:54]} {[%emt 00:04:26]} Rd8 {[%clk 01:01:34]} {[%emt 00:08:35]} 20.
Rd1 {[%clk 01:32:08]} {[%emt 00:04:21]} Qa4 {[%clk 00:57:56]} {[%emt 00:04:12]}
21. e4 {[%clk 01:18:04]} {[%emt 00:14:40]} dxe4 {[%clk 00:51:49]} {[%emt
00:06:42]} 22. fxe4 {[%clk 01:17:21]} {[%emt 00:01:19]} Nb3 {[%clk 00:49:40]}
{[%emt 00:02:42]} 23. Bb2 {[%clk 01:14:00]} {[%emt 00:03:57]} Nc5 {[%clk
00:49:54]} {[%emt 00:00:21]} 24. Qf3 {[%clk 01:13:39]} {[%emt 00:00:55]} Ncxe4
{[%clk 00:45:35]} {[%emt 00:04:54]} 25. Nxe4 {[%clk 01:13:49]} {[%emt
00:00:26]} Nxe4 {[%clk 00:46:07]} {[%emt 00:00:02]} 26. Rf1 {[%clk 01:13:34]}
{[%emt 00:00:51]} Nd6 {[%clk 00:42:34]} {[%emt 00:04:08]} 27. d5 {[%clk
01:09:54]} {[%emt 00:04:15]} Qe4 {[%clk 00:21:21]} {[%emt 00:21:47]} 28. Qg3
{[%clk 00:58:29]} {[%emt 00:12:00]} Nf5 {[%clk 00:15:21]} {[%emt 00:06:36]} 29.
Rxf5 {[%clk 00:24:28]} {[%emt 00:34:36]} Qb1+ {[%clk 00:15:49]} {[%emt
00:00:06]} 30. Rf1 {[%clk 00:24:55]} {[%emt 00:00:09]} Qxb2 {[%clk 00:16:16]}
{[%emt 00:00:08]} 31. Qd3 {[%clk 00:21:37]} {[%emt 00:03:52]} Qe5 {[%clk
00:13:47]} {[%emt 00:03:02]} 32. Rd1 {[%clk 00:21:18]} {[%emt 00:00:56]} Rd6
{[%clk 00:12:25]} {[%emt 00:01:56]} 33. Qa6 {[%clk 00:16:13]} {[%emt 00:05:42]}
Qe7 {[%clk 00:12:07]} {[%emt 00:00:53]} 34. Qc4 {[%clk 00:14:34]} {[%emt
00:02:14]} g6 {[%clk 00:12:04]} {[%emt 00:00:37]} 35. Qd4 {[%clk 00:14:03]}
{[%emt 00:01:06]} Qd7 {[%clk 00:10:42]} {[%emt 00:01:58]} 36. h3 {[%clk
00:13:59]} {[%emt 00:00:40]} b5 {[%clk 00:10:09]} {[%emt 00:01:07]} 37. Kh1
{[%clk 00:13:55]} {[%emt 00:00:40]} a5 {[%clk 00:09:51]} {[%emt 00:00:52]} 38.
Kg1 {[%clk 00:13:59]} {[%emt 00:00:32]} h6 {[%clk 00:08:44]} {[%emt 00:01:41]}
39. Kh1 {[%clk 00:13:05]} {[%emt 00:01:29]} Kh7 {[%clk 00:08:55]} {[%emt
00:00:25]} 40. Kg1 {[%clk 00:13:14]} {[%emt 00:00:26]} b4 {[%clk 00:06:27]}
{[%emt 00:03:03]} 41. axb4 {[%clk 00:12:52]} {[%emt 00:00:57]} axb4 {[%clk
00:07:00]} {[%emt 00:00:01]} 42. Qxb4 {[%clk 00:13:02]} {[%emt 00:00:26]} Rxd5
{[%clk 00:07:34]} {[%emt 00:00:01]} 43. Rxd5 {[%clk 00:13:29]} {[%emt
00:00:09]} Qxd5 {[%clk 00:08:05]} {[%emt 00:00:03]} 44. Qf4 {[%clk 00:13:59]}
{[%emt 00:00:05]} Kg7 {[%clk 00:07:56]} {[%emt 00:00:43]} 45. Kh1 {[%clk
00:14:19]} {[%emt 00:00:16]} g5 {[%clk 00:07:53]} {[%emt 00:00:38]} 46. Qc1
{[%clk 00:14:49]} {[%emt 00:00:06]} Qe5 {[%clk 00:08:01]} {[%emt 00:00:25]} 47.
Kg1 {[%clk 00:14:59]} {[%emt 00:00:26]} Qd4+ {[%clk 00:07:53]} {[%emt
00:00:42]} 48. Kh1 {[%clk 00:15:25]} {[%emt 00:00:09]} Qe5 {[%clk 00:08:27]}
{[%emt 00:00:02]} 49. Kg1 {[%clk 00:15:54]} {[%emt 00:00:06]} h5 {[%clk
00:08:44]} {[%emt 00:00:17]} 50. Qd1 {[%clk 00:15:58]} {[%emt 00:00:30]} Kg6
{[%clk 00:08:32]} {[%emt 00:00:47]} 51. Qd3+ {[%clk 00:16:00]} {[%emt
00:00:34]} Qf5 {[%clk 00:08:21]} {[%emt 00:00:45]} 52. Qa6+ {[%clk 00:16:22]}
{[%emt 00:00:12]} Qf6 {[%clk 00:08:35]} {[%emt 00:00:22]} 53. Qd3+ {[%clk
00:16:53]} {[%emt 00:00:06]} Kg7 {[%clk 00:09:01]} {[%emt 00:00:08]} 54. Qd1
{[%clk 00:17:11]} {[%emt 00:00:18]} Qg6 {[%clk 00:09:16]} {[%emt 00:00:20]} 55.
Qd4+ {[%clk 00:17:27]} {[%emt 00:00:18]} Kh7 {[%clk 00:09:44]} {[%emt
00:00:08]} 56. Qf2 {[%clk 00:17:24]} {[%emt 00:00:37]} g4 {[%clk 00:08:54]}
{[%emt 00:01:26]} 57. hxg4 {[%clk 00:17:48]} {[%emt 00:00:10]} hxg4 {[%clk
00:09:23]} {[%emt 00:00:06]} 58. Qg3 {[%clk 00:17:47]} {[%emt 00:00:36]} Kg7
{[%clk 00:09:11]} {[%emt 00:00:46]} 59. Kh2 {[%clk 00:16:52]} {[%emt 00:01:31]}
Qg5 {[%clk 00:08:58]} {[%emt 00:00:48]} 60. Qc3+ {[%clk 00:16:28]} {[%emt
00:00:58]} f6 {[%clk 00:08:55]} {[%emt 00:00:39]} 61. Kg3 {[%clk 00:16:02]}
{[%emt 00:01:02]} Kg6 {[%clk 00:08:46]} {[%emt 00:00:43]} 62. Qe1 {[%clk
00:13:45]} {[%emt 00:02:52]} Qf5 {[%clk 00:08:12]} {[%emt 00:01:09]} 63. Qe8+
{[%clk 00:13:50]} {[%emt 00:00:30]} Kg7 {[%clk 00:07:19]} {[%emt 00:01:27]} 64.
Qe7+ {[%clk 00:14:17]} {[%emt 00:00:08]}  1/2-1/2

[Event "The Irish Championship 2020"]
[Site "Colaiste Eanna, Dublin, Ireland"]
[Date "2020.08.02"]
[Round "2"]
[Board "13"]
[White "McHugh, Kevin"]
[Black "Lyons, Brendan"]
[Result "1/2-1/2"]
[WhiteElo "2010"]
[BlackElo "1941"]
[PlyCount "0"]
[EventDate "2020.08.01"]
[EventRounds "9"]
[EventCountry "IRL"]

1. e4 {[%clk 02:15:56]} {[%emt 00:00:08]} d5 {[%clk 02:16:00]} {[%emt
00:02:18]} 2. exd5 {[%clk 02:16:08]} {[%emt 00:00:08]} Nf6 {[%clk 02:16:35]} 3.
Bb5+ {[%clk 02:16:32]} {[%emt 00:00:41]} Nbd7 {[%clk 02:16:58]} {[%emt
00:00:12]} 4. d4 {[%clk 02:16:44]} {[%emt 00:00:22]} Nxd5 {[%clk 02:16:26]}
{[%emt 00:01:08]} 5. Nf3 {[%clk 02:17:07]} {[%emt 00:00:11]} c6 {[%clk
02:16:57]} {[%emt 00:00:04]} 6. Be2 {[%clk 02:17:28]} {[%emt 00:00:14]} Qc7
{[%clk 02:17:28]} {[%emt 00:00:05]} 7. O-O {[%clk 02:17:03]} {[%emt 00:01:00]}
Nf4 {[%clk 02:15:46]} {[%emt 00:02:17]} 8. Bxf4 {[%clk 02:16:11]} {[%emt
00:01:27]} Qxf4 {[%clk 02:15:37]} {[%emt 00:00:44]} 9. Nc3 {[%clk 02:12:36]}
{[%emt 00:04:10]} e6 {[%clk 02:03:30]} {[%emt 00:12:42]} 10. Re1 {[%clk
02:09:33]} {[%emt 00:03:37]} Bd6 {[%clk 01:55:12]} {[%emt 00:08:53]} 11. g3
{[%clk 02:08:55]} {[%emt 00:01:15]} Qh6 {[%clk 01:51:54]} {[%emt 00:03:53]} 12.
Ne4 {[%clk 02:08:52]} {[%emt 00:00:38]} Bc7 {[%clk 01:49:03]} {[%emt 00:03:26]}
13. Bf1 {[%clk 02:07:24]} {[%emt 00:02:03]} O-O {[%clk 01:49:15]} {[%emt
00:00:23]} 14. Bg2 {[%clk 02:07:33]} {[%emt 00:00:25]} e5 {[%clk 01:44:10]}
{[%emt 00:05:40]} 15. dxe5 {[%clk 02:05:32]} {[%emt 00:02:36]} Nxe5 {[%clk
01:44:02]} {[%emt 00:00:43]} 16. Nxe5 {[%clk 02:05:11]} {[%emt 00:00:56]} Bxe5
{[%clk 01:44:21]} {[%emt 00:00:15]} 17. c3 {[%clk 02:05:18]} {[%emt 00:00:28]}
Bc7 {[%clk 01:27:22]} {[%emt 00:17:34]} 18. Qb3 {[%clk 02:00:37]} {[%emt
00:05:16]} Bb6 {[%clk 01:25:41]} {[%emt 00:02:16]} 19. c4 {[%clk 01:58:06]}
{[%emt 00:03:04]} Be6 {[%clk 01:12:00]} {[%emt 00:14:17]} 20. Qc3 {[%clk
01:58:13]} {[%emt 00:00:28]} Rad8 {[%clk 01:04:52]} {[%emt 00:07:44]} 21. c5
{[%clk 01:51:32]} {[%emt 00:07:16]} Bc7 {[%clk 01:04:10]} {[%emt 00:01:17]} 22.
f4 {[%clk 01:51:13]} {[%emt 00:00:54]} Bd5 {[%clk 01:01:40]} {[%emt 00:03:05]}
23. b3 {[%clk 01:46:28]} {[%emt 00:05:19]} Qg6 {[%clk 00:58:58]} {[%emt
00:03:17]} 24. Re2 {[%clk 01:28:12]} {[%emt 00:18:52]} h6 {[%clk 00:39:44]}
{[%emt 00:19:51]} 25. Qe1 {[%clk 01:20:48]} {[%emt 00:07:58]} f5 {[%clk
00:35:35]} {[%emt 00:04:43]} 26. Nf2 {[%clk 01:15:00]} {[%emt 00:06:23]} Bxg2
{[%emt 00:23:12]} 27. Kxg2 {[%emt 00:00:59]} Rde8 {[%clk 00:07:39]} {[%emt
00:04:20]} 28. Nd3 {[%clk 01:12:00]} {[%emt 00:03:36]} Rxe2+ {[%clk 00:07:23]}
{[%emt 00:00:51]} 29. Qxe2 {[%clk 01:11:43]} {[%emt 00:00:52]} Re8 {[%clk
00:07:07]} {[%emt 00:00:50]} 30. Qd2 {[%clk 01:06:23]} {[%emt 00:05:55]} Qe6
{[%clk 00:06:33]} {[%emt 00:01:09]} 31. Nf2 {[%clk 01:06:01]} {[%emt 00:00:58]}
Rd8 {[%clk 00:06:00]} {[%emt 00:01:07]} 32. Qc2 {[%clk 01:02:33]} {[%emt
00:04:03]} Ba5 {[%clk 00:06:03]} {[%emt 00:00:33]} 33. Rd1 {[%clk 01:02:16]}
{[%emt 00:00:52]} Rd5 {[%clk 00:04:25]} {[%emt 00:02:13]} 34. Kf3 {[%clk
00:57:57]} {[%emt 00:04:54]} Be1 {[%clk 00:02:23]} {[%emt 00:02:37]} 35. Qc4
{[%clk 00:54:43]} {[%emt 00:03:49]} Bxf2 {[%clk 00:01:08]} {[%emt 00:01:51]} 36.
Kxf2 {[%clk 00:54:39]} {[%emt 00:00:38]} Kf7 {[%clk 00:01:23]} {[%emt
00:00:20]} 37. Re1 {[%clk 00:54:36]} {[%emt 00:00:38]} Rd2+ {[%clk 00:01:29]}
{[%emt 00:00:29]} 38. Kf1 {[%clk 00:54:37]} {[%emt 00:00:35]} Qxc4+ {[%clk
00:01:49]} {[%emt 00:00:15]} 39. bxc4 {[%clk 00:55:10]} {[%emt 00:00:02]} b6
{[%clk 00:00:49]} {[%emt 00:01:35]} 40. cxb6 {[%clk 00:55:15]} {[%emt
00:00:28]} axb6 {[%clk 00:01:16]} {[%emt 00:00:09]} 41. Rb1 {[%clk 00:54:57]}
{[%emt 00:00:53]} b5 {[%clk 00:01:10]} {[%emt 00:00:41]} 42. cxb5 {[%clk
00:55:21]} {[%emt 00:00:10]} cxb5 {[%clk 00:01:42]} {[%emt 00:00:04]} 43. Rxb5
{[%clk 00:55:38]} {[%emt 00:00:18]} Rxa2 {[%clk 00:02:11]} {[%emt 00:00:07]} 44.
Rxf5+ {[%clk 00:55:55]} {[%emt 00:00:16]} Kg6 {[%clk 00:02:41]} {[%emt
00:00:06]} 45. Re5 {[%clk 00:55:52]} {[%emt 00:00:37]} Ra8 {[%emt 00:00:59]}
 1/2-1/2

[Event "The Irish Championship 2020"]
[Site "Colaiste Eanna, Dublin, Ireland"]
[Date "2020.08.02"]
[Round "2"]
[Board "14"]
[White "O'Gorman, Alice"]
[Black "Carroll, Peter"]
[Result "0-1"]
[WhiteElo "1904"]
[BlackElo "2009"]
[PlyCount "0"]
[EventDate "2020.08.01"]
[EventRounds "9"]
[EventCountry "IRL"]

1. e4 {[%clk 02:16:07]} {[%emt 00:00:02]} e5 {[%clk 02:02:43]} {[%emt
00:13:27]} 2. Nf3 {[%clk 02:16:33]} {[%emt 00:00:08]} Nc6 {[%clk 02:02:18]}
{[%emt 00:01:01]} 3. Bc4 {[%clk 02:17:00]} {[%emt 00:00:08]} Nf6 {[%clk
02:02:46]} {[%emt 00:00:06]} 4. d3 {[%clk 02:17:24]} {[%emt 00:00:11]} h6
{[%clk 02:03:13]} {[%emt 00:00:07]} 5. O-O {[%clk 02:17:09]} {[%emt 00:00:50]}
d6 {[%clk 02:03:43]} {[%emt 00:00:05]} 6. c3 {[%clk 02:17:27]} {[%emt
00:00:18]} g5 {[%clk 02:04:08]} {[%emt 00:00:10]} 7. d4 {[%clk 02:12:43]}
{[%emt 00:05:20]} g4 {[%clk 01:58:19]} {[%emt 00:06:23]} 8. Nfd2 {[%clk
02:09:46]} {[%emt 00:03:32]} exd4 {[%clk 01:57:08]} {[%emt 00:01:46]} 9. cxd4
{[%clk 02:09:59]} {[%emt 00:00:22]} Nxd4 {[%clk 01:56:23]} {[%emt 00:01:19]} 10.
Qa4+ {[%clk 02:09:22]} {[%emt 00:01:15]} Bd7 {[%clk 01:55:25]} {[%emt
00:01:31]} 11. Bxf7+ {[%clk 02:09:00]} {[%emt 00:00:57]} Kxf7 {[%clk 01:55:50]}
{[%emt 00:00:10]} 12. Qxd4 {[%clk 02:09:28]} {[%emt 00:00:07]} Bg7 {[%clk
01:27:29]} {[%emt 00:28:58]} 13. f4 {[%clk 02:06:20]} {[%emt 00:03:42]} gxf3
{[%clk 01:21:07]} {[%emt 00:06:57]} 14. Nxf3 {[%clk 02:05:36]} {[%emt
00:01:20]} Re8 {[%clk 01:20:46]} {[%emt 00:00:54]} 15. e5 {[%clk 01:58:43]}
{[%emt 00:07:29]} dxe5 {[%clk 01:18:18]} {[%emt 00:03:02]} 16. Nxe5+ {[%clk
01:57:46]} {[%emt 00:01:32]} Kg8 {[%clk 01:16:35]} {[%emt 00:02:16]} 17. Nxd7
{[%clk 01:51:21]} {[%emt 00:07:01]} Qxd7 {[%clk 01:15:57]} {[%emt 00:01:14]} 18.
Qc4+ {[%clk 01:50:37]} {[%emt 00:01:19]} Qe6 {[%clk 01:02:01]} {[%emt
00:14:31]} 19. Qxe6+ {[%clk 01:45:01]} {[%emt 00:06:11]} Rxe6 {[%clk 00:53:50]}
{[%emt 00:08:45]} 20. Nc3 {[%clk 01:43:05]} {[%emt 00:02:32]} Ne4 {[%clk
00:52:10]} {[%emt 00:02:15]} 21. Nxe4 {[%clk 01:42:09]} {[%emt 00:01:32]} Rxe4
{[%clk 00:51:15]} {[%emt 00:01:28]} 22. Bf4 {[%clk 01:37:59]} {[%emt 00:04:44]}
Re2 {[%clk 00:47:20]} {[%emt 00:04:31]} 23. Rfe1 {[%clk 01:31:47]} {[%emt
00:06:47]} Rae8 {[%clk 00:46:41]} {[%emt 00:01:14]} 24. Rxe2 {[%clk 01:26:27]}
{[%emt 00:05:56]} Rxe2 {[%clk 00:47:06]} {[%emt 00:00:10]} 25. Rd1 {[%clk
01:22:58]} {[%emt 00:04:05]} c5 {[%clk 00:26:05]} {[%emt 00:21:36]} 26. Kf1
{[%clk 01:18:09]} {[%emt 00:05:23]} Rxb2 {[%clk 00:23:45]} {[%emt 00:02:54]} 27.
Rd8+ {[%clk 01:15:41]} {[%emt 00:03:04]} Kf7 {[%clk 00:21:06]} {[%emt
00:03:13]} 28. Rd7+ {[%clk 01:15:18]} {[%emt 00:00:59]} Kf6 {[%clk 00:21:34]}
{[%emt 00:00:07]} 29. Rc7 {[%clk 01:15:19]} {[%emt 00:00:34]} Bf8 {[%clk
00:18:13]} {[%emt 00:03:55]} 30. Be3 {[%clk 01:11:57]} {[%emt 00:03:57]} Bd6
{[%clk 00:16:58]} {[%emt 00:01:51]} 31. Rh7 {[%clk 01:11:26]} {[%emt 00:01:05]}
Rxa2 {[%clk 00:16:23]} {[%emt 00:01:11]} 32. Rxb7 {[%clk 01:10:58]} {[%emt
00:01:02]} h5 {[%clk 00:12:57]} {[%emt 00:04:01]} 33. Rh7 {[%clk 01:09:32]}
{[%emt 00:02:00]} c4 {[%clk 00:10:00]} {[%emt 00:03:33]} 34. Rxh5 {[%clk
01:04:33]} {[%emt 00:05:34]} c3 {[%clk 00:09:12]} {[%emt 00:01:23]} 35. Rh6+
{[%clk 00:52:26]} {[%emt 00:12:42]} Ke5 {[%clk 00:06:17]} {[%emt 00:03:30]} 36.
g3 {[%clk 00:52:01]} {[%emt 00:01:00]} Kd5 {[%clk 00:03:44]} {[%emt 00:03:09]}
37. Rh5+ {[%clk 00:40:27]} {[%emt 00:12:09]} Ke4 {[%clk 00:03:49]} {[%emt
00:00:29]} 38. Bh6 {[%clk 00:37:18]} {[%emt 00:03:42]} c2 {[%clk 00:03:16]}
{[%emt 00:01:09]} 39. Rb5 {[%clk 00:34:37]} {[%emt 00:03:16]} Ra1+ {[%clk
00:02:58]} {[%emt 00:00:54]} 40. Kg2 {[%clk 00:34:22]} {[%emt 00:00:49]} c1=Q
{[%clk 00:03:26]} {[%emt 00:00:07]} 41. Bxc1 {[%clk 00:34:53]} {[%emt
00:00:04]} Rxc1 {[%clk 00:03:49]} {[%emt 00:00:11]} 42. Ra5 {[%clk 00:35:01]}
{[%emt 00:00:27]} Bc5 {[%clk 00:03:18]} {[%emt 00:01:06]} 43. h4 {[%clk
00:34:36]} {[%emt 00:01:01]} Bb6 {[%clk 00:02:55]} {[%emt 00:00:59]} 44. Ra4+
{[%clk 00:34:54]} {[%emt 00:00:18]} Ke5 {[%clk 00:02:31]} {[%emt 00:00:58]} 45.
Ra3 {[%clk 00:32:35]} {[%emt 00:02:55]} a5 {[%clk 00:02:34]} {[%emt 00:00:32]}
46. Kh3 {[%clk 00:29:06]} {[%emt 00:04:02]} Rc4 {[%clk 00:03:04]} {[%emt
00:00:05]} 47. g4 {[%clk 00:27:50]} {[%emt 00:01:52]} a4 {[%clk 00:03:38]}
{[%emt 00:00:02]} 48. g5 {[%clk 00:26:57]} {[%emt 00:01:27]} Bc5 {[%clk
00:04:03]} {[%emt 00:00:10]} 49. Ra1 {[%clk 00:26:59]} {[%emt 00:00:33]} a3
{[%clk 00:04:21]} {[%emt 00:00:18]} 50. g6 {[%clk 00:26:30]} {[%emt 00:01:03]}
Kf6 {[%clk 00:03:41]} {[%emt 00:01:15]} 51. h5 {[%clk 00:26:44]} {[%emt
00:00:21]} Rc2 {[%clk 00:03:58]} {[%emt 00:00:17]} 52. Rf1+ {[%clk 00:25:01]}
{[%emt 00:02:19]} Rf2 {[%clk 00:04:12]} {[%emt 00:00:20]} 53. Rg1 {[%clk
00:24:43]} {[%emt 00:00:54]} Rf3+ {[%clk 00:04:35]} {[%emt 00:00:12]}  0-1